Normal view
MARC view
Entry Personal Name
001 - CONTROL NUMBER
- control field: 19996
003 - CONTROL NUMBER IDENTIFIER
- control field: OSt
005 - DATE AND TIME OF LATEST TRANSACTION
- control field: 20210104150235.0
008 - FIXED-LENGTH DATA ELEMENTS
- fixed length control field: 210104|| aca||aabn | a|a d
040 ## - CATALOGING SOURCE
- Original cataloging agency: OSt
- Transcribing agency: OSt
100 ## - HEADING--PERSONAL NAME
- Personal name: Gupta, Amulya Kumar Datta
670 ## - SOURCE DATA FOUND
- Source citation: Work cat.: (OSt): Gupta, Amulya Kumar Datta, In association with Sri Sri Anandamayi, 1986
